00269nam a2200121Ia 4500008004100000100001400041245003200055260001500087300000900102650001400111942000700125999001500132190216s9999||||xx |||||||||||||| ||und|| aAbdulla T 0aBanking Theory And Prcatice bNullc1980 a184p aEconomics cBK c9408d9408